Central Library OPAC University of Rajshahi

Electrical control systems in industry / (Record no. 12636)

MARC details
000 -LEADER
fixed length control field 00774cam a22002651 4500
001 - CONTROL NUMBER
control field 12636
003 - CONTROL NUMBER IDENTIFIER
rucl marc code BD-RjUL
005 - DATE AND TIME OF LATEST TRANSACTION
control field 20211208235329.0
008 - FIXED-LENGTH DATA ELEMENTS--GENERAL INFORMATION
fixed length control field 140129s1963 nyua 001 0 eng
035 ## - SYSTEM CONTROL NUMBER
System control number (BD-RjUL)12685
System control number (OCoLC)786687
040 ## - CATALOGING SOURCE
Original cataloging agency DLC
Transcribing agency NhU
Modifying agency OCoLC
-- Uk
-- DLC
-- BD-RjUL
Language of cataloging eng
041 ## - LANGUAGE CODE
Language code of text/sound track or separate title eng
082 ## - DEWEY DECIMAL CLASSIFICATION NUMBER
Classification number 621.317
Author mark and year SIE 1963
100 1# - MAIN ENTRY--PERSONAL NAME
Personal name Siskind, Charles Seymour,
Dates associated with a name 1897-
9 (RLIN) 39324
245 10 - TITLE STATEMENT
Title Electrical control systems in industry /
Statement of responsibility, etc. Charles Seymour Siskind
260 ## - PUBLICATION, DISTRIBUTION, ETC. (IMPRINT)
Place of publication, distribution, etc. New York :
Name of publisher, distributor, etc. McGraw-Hill ,
Date of publication, distribution, etc. c1963
300 ## - PHYSICAL DESCRIPTION
Pagination xii, 496 p. :
Illustrations illus. ;
Size 23 cm.
504 ## - BIBLIOGRAPHY, ETC. NOTE
Bibliography, etc Includes index.
650 #0 - SUBJECT ADDED ENTRY--TOPICAL TERM
Topical term or geographic name as entry element Electric controllers.
9 (RLIN) 27864
Topical term or geographic name as entry element Electric motors.
9 (RLIN) 39334
942 ## - ADDED ENTRY ELEMENTS (KOHA)
Source of classification or shelving scheme Dewey Decimal Classification
Koha item type Books
Holdings
Lost status Source of classification or shelving scheme Damaged status Not for loan Collection code Permanent Location Current Location Shelving location Date acquired Source of acquisition Cost, normal purchase price Total Checkouts Full call number Date last seen Copy number Koha item type
  Dewey Decimal Classification   Not For Loan Non-fiction Central Library, University of Rajshahi Central Library, University of Rajshahi Reading Room 08/09/1969 Zeitlinger 93.00   621.317 SIE 1963 29/01/2014 C-1 Books
  Dewey Decimal Classification     Non-fiction Central Library, University of Rajshahi Central Library, University of Rajshahi   08/04/1967 Zeitlinger 93.00   621.317 SIE 1963 28/09/2016 C-2 Books